|
|
|
|
| LEADER |
00000cam a2200000 a 4500 |
| 001 |
vtls009733466 |
| 003 |
SK-MaSNL |
| 005 |
20260512081657.0 |
| 008 |
090725s2005 xo a f u 000 0 slo |
| 015 |
|
|
|a SNBN2018
|
| 020 |
|
|
|c (cen. skup. 11)
|
| 035 |
|
|
|a (SVKBBclas03)vtls000217917
|
| 040 |
|
|
|a SNK
|b slo
|c SNK
|e AACR2
|
| 041 |
0 |
|
|a slo
|
| 044 |
|
|
|a xo
|c SK
|
| 046 |
|
|
|a m
|m 20050501 (účin.)
|n 20220201 (zruš.)
|
| 072 |
|
7 |
|a 692
|x Konštrukčné prvky a časti stavieb
|2 konspekt
|
| 072 |
|
7 |
|a 674
|x Drevo. Drevársky priemysel
|2 konspekt
|
| 080 |
|
|
|a 692.82
|2 2001
|
| 080 |
|
|
|a 674.5
|2 2001
|
| 080 |
|
|
|a 006.7/.8
|2 2001
|
| 080 |
|
|
|a (437.6)
|2 2001
|
| 080 |
|
|
|a (083.742)
|2 2001
|
| 084 |
|
|
|a 91.060.50
|2 ICS
|
| 245 |
0 |
0 |
|a STN 74 6101-2: 2005 [neplatná], Drevené okná
|n Časť 2
|p Lepené lamelové profily z dreva na výrobu okien
|
| 246 |
1 |
0 |
|a Drevené okná
|
| 246 |
1 |
0 |
|a Lepené lamelové profily z dreva na výrobu okien
|
| 260 |
|
|
|a Bratislava
|b Slovenský ústav technickej normalizácie
|c 2005
|
| 300 |
|
|
|a 16 s.
|b obr., tab.
|c 30 cm
|
| 500 |
|
|
|a Spracovateľ: LIGNOTESTING Bratislava, Tomáš Trebula
|
| 500 |
|
|
|a Táto norma od 1.5.2005 spoločne s STN 74 6101-1 nahrádzajú STN 74 6101 z 1.3.1990 v celom rozsahu
|
| 500 |
|
|
|a Súbežný názov anglicky, nemecky a francúzsky
|
| 500 |
|
|
|a Norma je nahradená normou STN 74 6200 z februára 2022 v celom rozsahu
|
| 500 |
|
|
|a Články 2.1 až 2.2.6 tejto normy nahrádza norma STN EN 13307-1 z mája 2007
|
| 504 |
|
|
|a Citované normy s. 2
|
| 540 |
|
|
|a STN vydané na akomkoľvek nosiči sa môžu rozmnožovať a rozširovať iba so súhlasom určenej právnickej osoby
|b SÚTN Bratislava
|c zákon 264/1999 Z.z.
|
| 650 |
0 |
7 |
|a okná
|2 SNKPH
|9 21896
|
| 650 |
0 |
7 |
|a drevené výrobky
|2 SNKPH
|9 69020
|
| 650 |
0 |
7 |
|a technické normy a štandardy
|z Slovensko
|2 SNKPH
|9 79594
|
| 650 |
0 |
7 |
|a Wood products
|2 SNKPHeng
|9 289155
|
| 655 |
|
7 |
|a normy
|2 SNKPH
|9 70643
|
| 700 |
1 |
|
|a Trebula, Tomáš
|4 aut
|9 323718
|
| 710 |
2 |
|
|a LIGNOTESTING (Bratislava, Slovensko)
|4 aut
|9 33548
|
| 710 |
|
|
|a Slovenský ústav technickej normalizácie (Bratislava, Slovensko).
|b Technická komisia č. 96 Otvorové výplne a ľahké obvodové plášte
|4 stn
|9 314508
|
| 774 |
1 |
8 |
|a STN 74 6101-2/Z1: 2007
|d Bratislava : Slovenský ústav technickej normalizácie, 2007
|w vtls008987818
|
| 774 |
1 |
8 |
|t STN EN 13307-1: 2007
|d Bratislava : Slovenský ústav technickej normalizácie, 2007
|w vtls 8987882
|
| 774 |
1 |
8 |
|a STN 74 6101-2/Z1: 2007
|d Bratislava : Slovenský ústav technickej normalizácie, 2007
|w vtls009866696
|
| 774 |
1 |
8 |
|t STN 74 6200: 2022
|d Bratislava : Úrad pre normalizáciu metrológiu a skúšobníctvo Slovenskej republiky, 2022
|w vtsl012124462
|
| 958 |
|
|
|a NB
|
| 999 |
|
|
|c 658617
|d 660547
|
| 952 |
|
|
|a SNK
|b SNK
|y PREZ
|7 0
|p 17A0487578
|o snkSTN 74 6101-2
|i snk2005/18507
|8 0
|0 0
|1 0
|4 0
|d 2005-11-04
|l 0
|r 2026-02-23 18:45:23
|w 2026-02-23
|
| 952 |
|
|
|a SNK
|b SNK
|y PREZ
|7 0
|p 17A0487579
|o snkSTN 74 6101-2 D1
|i snk2005/18508
|8 0
|0 0
|1 0
|4 0
|d 2005-11-04
|l 0
|r 2026-02-23 18:45:23
|w 2026-02-23
|